00824nam a2200229Ia 4500003000900000008004100009020002200050040001600072080001500088245011500103260004500218300001600263650002700279650001600306650003000322650002000352700003400372700003600406942000700442999001700449952012800466IN-BaIIA211028s9999 xx 000 0 eng d a978-81-8487-169-2 cIIA Library a539.1bATO 0aAtomic and molecular physicsbintroduction to advanced topicscedited by Rajesh Srivastava and Rakesh Choubisa aNew DelhibNarosa Publishing Housec2012 aviii, 235p. aAtomic structur936438 aAtoms91137 aMolecular structur936439 aMolecule936440 aChoubisa, Rakesh., ed.936441 aSrivastava, Rajesh., ed.936442 cBK c19085d19085 00104070aBANbBANcGENd2015-07-22g10022.00l0o539.1/ ATOp20007r2021-11-05v10022.00w2015-07-22yBKGRs. 10022.00